000 01006nam a22002177a 4500
005 20260305111937.0
008 240820b ||||| |||| 00| 0 eng d
082 _aDPer 155.205 J826 October-December 2020 v. 119 n. 4-6
100 _aWunsche, Jenna.
_dauthor.
_958333
245 _aUntil death do us part :
_bthe codeveloment of life satisfaction in couples preceding the death of one partner /
_cJenna Wunsche, Rebekka Weidmann, Alexander Grob.
260 _aWashington, DC ;
_bAmerican Psychological Association ,
_cOctober 2020.
300 _aVolume 119, pages 881-900 :
_billustration ;
_c28 cm.
500 _aJournal of Personality and Social Psychology, vol. 119, no. 4, pages 881-900, October 2020.
650 _aInterpersonal relations.
_961130
650 _aPersonality.
_961131
650 _aAdjustment (Psychology).
_961132
700 _aWunsche, Jenna.
_eauthor.
_958334
700 _aWeidmann, Rebekka.
_eauthor.
_958335
700 _aGrob, Alexander.
_eauthor.
_958336
942 _2ddc
_cPER
999 _c20655
_d20655